Harry Potter Order of the Phoenix Characters Quiz Stats

 Plays Quiz Updated Feb 16, 2018

Challenge
Share
Tweet
Embed
Score 0/183 Timer 15:00
0 Plays Today
Mentions Character % Correct
3,278Harry Potter
99.5%
1,362Ron Weasley
99%
1,334Hermione Granger
98.4%
663Albus Dumbledore
97.1%
328Fred Weasley
96.7%
231Ginny Weasley
96.7%
289George Weasley
96.6%
238Molly Weasley
96.1%
227Arthur Weasley
95.7%
679Sirius Black
95%
32Bill Weasley
94.7%
71Percy Weasley
94.6%
392Professor Snape
94.1%
5Charlie Weasley
94.1%
159Draco Malfoy
92.4%
294Voldemort
91.4%
78James Potter
91.3%
60Lucius Malfoy
91.2%
18Lily Potter
91%
462Rubeus Hagrid
90.3%
170Remus Lupin
89.8%
283Neville Longbottom
89.8%
4Narcissa Malfoy
89.6%
577Dolores Umbridge
88.3%
194Professor McGonagall
86.9%
3Regulus Black
85%
39Phineas Nigellus Black
84.6%
8Mrs. Black
84.5%
105Nymphadora Tonks
84.4%
150Luna Lovegood
84.2%
6Andromeda Tonks
84.2%
152Cho Chang
83.2%
55Bellatrix Lestrange
82.8%
189Cornelius Fudge
81.9%
130Alastor Moody
81.4%
39Gregory Goyle
81.2%
38Vincent Crabbe
80.9%
62Dobby
79.5%
9Augusta Longbottom
79%
62Seamus Finnigan
78.8%
5Alice Longbottom
78.7%
2Frank Longbottom
78.7%
51Dean Thomas
78.1%
28Professor Flitwick
78%
140Dudley Dursley
77.3%
113Vernon Dursley
77%
72Petunia Dursley
76.9%
36Katie Bell
75.2%
63Hedwig
74.7%
118Kreacher
73.7%
92Professor Trelawney
73.5%
2Cassandra Trelawney
73.4%
22Peter Pettigrew
73.1%
15Professor Sprout
73%
46Parvati Patil
72.8%
47Kingsley Shacklebolt
72.4%
5Padma Patil
72.3%
46Cedric Diggory
72.1%
3Marge Dursley
71.8%
54Argus Filch
70.1%
4Rodolphus Lestrange
70.1%
Mentions Character % Correct
2Rabastan Lestrange
69.9%
94Angelina Johnson
69.4%
31Lavender Brown
68.4%
29Crookshanks
65%
22Pansy Parkinson
64.3%
4Mr. Crouch
63.4%
38Nearly Headless Nick
62.8%
9Oliver Wood
62.8%
5Viktor Krum
62.5%
4Colin Creevey
62.4%
47Firenze
61.2%
17Fang
61%
31Alicia Spinnet
60.6%
3Susan Bones
60.4%
4Winky
60.1%
66Mundungus Fletcher
60%
8Mrs. Norris
59.8%
28Amelia Bones
59%
2Dennis Creevey
58.6%
16Madam Pomfrey
58.3%
35Ernie Macmillan
57.7%
52Grawp
57.6%
28Peeves
57.4%
20Gilderoy Lockhart
57.2%
10Buckbeak
57%
32Lee Jordan
56.8%
43Arabella Figg
55.6%
16Pigwidgeon
55.4%
2Bloody Baron
54.9%
29Zacharias Smith
54.8%
18Professor Binns
53.8%
10Hannah Abbott
53%
6Justin Finch-Fletchley
52.7%
12Bane
51.4%
32Rita Skeeter
51.2%
4Salazar Slytherin
51.1%
3Rowena Ravenclaw
51%
3Helga Hufflepuff
50.8%
4Godric Gryffindor
50.7%
46Marietta Edgecombe
50%
13Fat Lady
49.4%
16Michael Corner
48.6%
7Madam Hooch
48.6%
12Madame Maxime
47.8%
2Aragog
47.8%
42Professor Grubbly-Plank
45.3%
14Antonin Dolohov
44.8%
5Madam Pince
43.6%
4Dedalus Diggle
43.5%
15Fawkes
43.4%
2Norbert
42.7%
2Ludo Bagman
41.9%
6Professor Quirrell
41.8%
5Millicent Bulstrode
40.9%
6Terry Boot
40.8%
6Stan Shunpike
40.7%
2Ronan
40.4%
3Hestia Jones
39.6%
5Macnair
38.5%
17Augustus Rookwood
38.2%
6Trevor
36.9%
Mentions Character % Correct
6Avery
36.6%
2Elphias Doge
36.5%
5Professor Sinistra
36.4%
2Mafalda Hopkirk
35.4%
26Graham Montague
35.2%
2Nott Sr.
35%
2Hermes
34.8%
17Magorian
34.4%
25Broderick Bode
34.3%
4Sir Cadogan
33.4%
17Roger Davies
32.9%
9Dawlish
32.8%
2Armando Dippet
32.1%
23Sturgis Podmore
32.1%
7Anthony Goldstein
29.7%
16Warrington
29.1%
3Emmeline Vance
28.8%
13Professor Tofty
27.7%
18Griselda Marchbanks
27.1%
13Karkus
25.2%
2Fabian Prewett
23.5%
3Gideon Prewett
23.4%
8Adrian Pucey
22.7%
5Perkins
21.7%
2Tiberius Ogden
19.1%
4Jack Sloper
18.3%
6Dilys Derwent
17.9%
3Madam Puddifoot
17.4%
9Golgomath
17.2%
5Everard
16.3%
4Andrew Kirke
15.7%
2Bole
15.6%
3Augustus Pye
15.2%
2Jugson
15.1%
5Euan Abercrombie
15.1%
2Derrick
14.1%
3Mr. Tibbles
14%
3Hippocrates Smethwyck
13.7%
2Madam Marsh
13.6%
3Eric Munch
13.4%
3Miles Bletchley
13.4%
6Wilbert Slinkhard
13.3%
2Benjy Fenwick
13.3%
7Willy Widdershin
13.2%
4Stubby Boardman
12.6%
2Geoffrey Hooper
12.1%
2Williamson
11.8%
2Bungy
11.8%
3Miriam Strout
11.6%
2Dai Llewellyn
11.6%
2Vicky Frobisher
11.5%
3Barnabas the Barmy
11.4%
2Inigo Imago
11.1%
3Harold Dingle
11.1%
2Agnes
11.1%
2Summerby
10.7%
2Eddie Carmichael
10.7%
2Doris Purkiss
10.6%
2Bradley
10.3%
4Pierre Bonaccord
10.2%
2Paracelsus
10%

You're not logged in!

Compare scores with friends on all Sporcle quizzes.
OR
Log In

You Might Also Like...

Show Comments

Extras

Top Quizzes Today


Score Distribution

Your Account Isn't Verified!

In order to create a playlist on Sporcle, you need to verify the email address you used during registration. Go to your Sporcle Settings to finish the process.

Report this User

Report this user for behavior that violates our Community Guidelines.

Details: